| 000 | 01346cam a2200241 4500 | ||
|---|---|---|---|
| 001 | ABS64678 | ||
| 008 | 011022n2001 000 0 eng u | ||
| 035 | _a(Sirsi) u115242 | ||
| 245 | _aRLS's - landlords of choice or last resort | ||
| 260 | _c2001 | ||
| 490 |
_aProperty Forecast _v4(9) September 2001, 2-3(2) |
||
| 520 | _aConsiders the outlook for Registered Social Landlords (RSLs) and reviews their performance to date. RSL advantages include their high quality stock, good security, lower rents in relation to the private rented sector and the planned transfer of local authority housing stock to new or existing RSLs. However, RSLs have been affected by changes in affordable housing provision and are concerned about being viewed as a welfare sector. In addition, inconsistencies over RSL rental incomes have prompted government to introduce target rents which will force rents in some areas to go up or down, having implications for tenants. Concludes that in spite of these issues, the postition of housing associations is still strong. Tables. | ||
| 590 | _aABS | ||
| 650 | _aREGISTERED SOCIAL LANDLORDS | ||
| 650 | _aRENTS | ||
| 650 | _aRSLS | ||
| 650 | _aSOCIAL HOUSING | ||
| 650 | _aHOUSING ASSOCIATIONS | ||
| 650 | _aHOUSING STOCK | ||
| 650 | _aTRANSFERS | ||
| 690 |
_aAffordable housing _96215 |
||
| 942 | _n0 | ||
| 999 |
_c68628 _d68628 |
||